Nomi maschili più attribuiti in Italia nel 2024 - Statistics

Statistiche generali
  • Questo quiz è stato fatto 358 volte
  • Il punteggio medio è 4 su 20
Answers on the Grid
Answers color-coded by a green-red scale on the quiz's grid according to % correct below.
Alessandro
Alessio
Andrea
Antonio
Christian
Diego
Edoardo
Enea
Federico
Filippo
Francesco
Gabriele
Giacomo
Giovanni
Giuseppe
Kevin
Leonardo
Leone
Lorenzo
Luca
Marco
Mario
Massimo
Matteo
Mattia
Michele
Mohamed
Nicolò
Paolo
Pietro
Riccardo
Samuele
Stefano
Tommaso
Valentino
Vittorio
 
Statistiche sulle risposte
Risposta % Corretto
Alessandro
75%
Francesco
41%
Andrea
39%
Edoardo
33%
Leonardo
29%
Lorenzo
25%
Tommaso
23%
Enea
18%
Mattia
18%
Gabriele
17%
Matteo
17%
Federico
15%
Riccardo
14%
Antonio
13%
Filippo
13%
Nicolò
11%
Diego
10%
Pietro
9%
Giuseppe
7%
Samuele
7%
Nessun quiz corrispondente trovato
Distribuzione punteggi
Percentuale di utenti per punteggio
Percentile per numero di risposta
I tuoi punteggi nel tempo
Non hai fatto questo quiz